Zhodnotenie finančnej situácie podniku bakalárska práca

Gespeichert in:
Bibliographische Detailangaben
1. Verfasser: Mrázová, Martina
Körperschaft: Podnikovohospodárska fakulta EU so sídlom v Košiciach. Katedra finančného riadenia podniku
Weitere Verfasser: Feranecová, Adela, 1986-
Format: Buch
Sprache:Slowakisch
Veröffentlicht: Košice 2017
Tags: Tag hinzufügen
Keine Tags, Fügen Sie das erste Tag hinzu!

MARC

LEADER 00000nbm a2200000 4500
001 0231595
005 20171113102702.1
041 0 |a slo 
044 |a SK 
245 1 0 |a Zhodnotenie finančnej situácie podniku  |b bakalárska práca  |c Martina Mrázová ; školiteľ: Adela Feranecová 
264 1 |a Košice  |c 2017 
300 |a 49 s. 
100 1 |a Mrázová, Martina 
700 1 |a Feranecová, Adela, 1986- 
710 2 |a Podnikovohospodárska fakulta EU so sídlom v Košiciach. Katedra finančného riadenia podniku